Представление документа в формате RUSMARC

ПолеНазваниеЗначение
  Тип записи a
  Библиографический уровень a
001 Контрольный номер RU/CBS_Ul/BASE/515261996
005 Дата корректировки 20250220113808.3
100 Данные общей обработки __
a Данные общей обработки 20160429d2016 ||| 0rusy0189 ca
101 Язык документа 0_
a Язык текста rus
102 Страна публикации __
a Страна публикации RU
105 Кодированные данные (монография) __
a Кодированные данные (монография) y###||||000|y
200 Заглавие и сведения об ответственности 1_
a Заглавие "Мне судьбу выстроил Бунин..."
b Общее обозначение материала Текст
e Сведения, относящиеся к заглавию [беседа с Виктором Лихоносовым о родине, эмиграции и школьных уроках литературы]
f Первые сведения об ответственности В. Лихоносов ; беседовал Д. Шеваров
300 Общие примечания __
a Общие примечания Ограничения по возрасту - 16+
461 Уровень набора _0
1 2000
a Российская газета
463 Уровень физической единицы _0
1 001RU/CBS_Ul/BASE/515260401
1 2000
a № 92 (28 апр.-4 мая)
v С. 32
1 210
d 2016
600 Персоналии _0
a Персоналии (Фамилия) Лихоносов
b Персоналии (Имя, инициалы) В. И.
600 Персоналии _0
a Персоналии (Фамилия) Бунин
b Персоналии (Имя, инициалы) И. А.
600 Персоналии _0
a Персоналии (Фамилия) Твардовский
b Персоналии (Имя, инициалы) А. Т.
606 Тематические рубрики 0_
a Основная рубрика Лихоносов, Виктор Иванович (1936)
610 Ключевые слова 0_
a Ключевые слова литература
610 Ключевые слова 0_
a Ключевые слова российская литература
610 Ключевые слова 0_
a Ключевые слова писатели
610 Ключевые слова 0_
a Ключевые слова российские писатели
610 Ключевые слова 0_
a Ключевые слова современные российские писатели
610 Ключевые слова 0_
a Ключевые слова эмиграция
686 Индексы других классификаций __
a Классификационный индекс 83.3(2Рос=Рус)6
2 Код системы ББК
700 Автор _1
a Фамилия Лихоносов
b Имя (инициалы) В.
801 Источник записи _0
a Страна RU
b Организация МБУК ЦБС г. Ульяновска
c Дата составления 20160429
g Правила каталогизации RCR
801 Источник записи _1
a Страна RU
b Организация МБУК ЦБС г. Ульяновска
c Дата составления 20160429
g Правила каталогизации RCR
901 Тип документа __
t Тип документа f
w Контрольный № источника RU/CBS_Ul/BASE/515260401
910 Корректоры записи __
a Корректор записи Сидоркина
938 Служебная информация __
a Имя БД period